export_success — 

International trade and export management

Bibliographic Details
Main Author: Cherunilam, Francis.
Corporate Author: ProQuest (Firm)
Format: Electronic eBook
Language:English
Published: Mumbai [India] : Himalaya Pub. House, 2010.
Subjects:
Online Access:Click to View
LEADER 01450nam a2200361 a 4500
001 EBC588056
003 MiAaPQ
005 20200520144314.0
006 m o d |
007 cr cn|||||||||
008 101006s2010 ii a sb 000 0 eng d
020 |z 9788184883060 
035 |a (MiAaPQ)EBC588056 
035 |a (Au-PeEL)EBL588056 
035 |a (CaPaEBR)ebr10415378 
035 |a (OCoLC)700691257 
040 |a MiAaPQ  |c MiAaPQ  |d MiAaPQ 
043 |a a-ii--- 
050 4 |a HF1008  |b .C44 2010 
100 1 |a Cherunilam, Francis. 
245 1 0 |a International trade and export management  |h [electronic resource] /  |c Francis Cherunilam. 
260 |a Mumbai [India] :  |b Himalaya Pub. House,  |c 2010. 
300 |a 528 p. :  |b ill. 
504 |a Includes bibliographical references. 
505 0 |a pt. 1. International trade : theories, concepts, trends and organisations -- pt. 2. International marketing management -- pt. 3. Forein trade of India : policy, regulation and promotion -- pt. 4. Cases. 
533 |a Electronic reproduction. Ann Arbor, MI : ProQuest, 2015. Available via World Wide Web. Access may be limited to ProQuest affiliated libraries. 
650 0 |a Commerce. 
650 0 |a Export marketing. 
650 0 |a Export sales contracts  |z India. 
651 0 |a India  |x Commerce. 
655 4 |a Electronic books. 
710 2 |a ProQuest (Firm) 
856 4 0 |u https://ebookcentral.proquest.com/lib/matrademy/detail.action?docID=588056  |z Click to View